000 00404nam a2200181Ia 4500
999 _c128
_d128
003 0100
008 130227s9999 xx 000 0 und d
040 _cARRUPELIB
050 _aDT434.E2.W3
100 _aWagner, Gunter
_931070
245 4 _aThe Bantu of North Kavirondo
260 _bOxford University Press
_aLondon
_c1949
300 _axx
300 _b 511p 21cm
650 _aBantus
_xNorth Kavirondo, Kenya
_931071
942 _2lcc
_cMONOGRAPH